| 000 | 00483nam a2200181Ia 4500 | ||
|---|---|---|---|
| 001 | 22762 | ||
| 005 | 20260414150852.0 | ||
| 008 | 260414t2012||||xx |||||||||||||| ||spa|| | ||
| 041 | _aESP | ||
| 082 |
_a621.47 _bR734 |
||
| 100 |
_aRekioua, Djamila _eAUT |
||
| 245 | 0 |
_aOptimization of photovoltaic power systems : _bmodelization, simulation and control |
|
| 260 | _c2012 | ||
| 300 |
_axii, 283 páginas : _c24 cm. |
||
| 650 | _aTCA | ||
| 654 | _aCET | ||
| 942 |
_cLIB _dJUS _fJUS _2ddc _n |
||
| 999 |
_c22762 _d22762 |
||